Eastern Utah Libraries Catalog: Duchesne, Heber, Roosevelt, & Vernal

The glimpses of the moon / (Record no. 371838)

MARC details
000 -LEADER
fixed length control field 00937cam a2200289 i 4500
001 - CONTROL NUMBER
control field zdenvp b1236393
005 - DATE AND TIME OF LATEST TRANSACTION
control field 20240327062110.0
008 - FIXED-LENGTH DATA ELEMENTS--GENERAL INFORMATION
fixed length control field 230810s2024 nyu 000 1 eng
020 ## - INTERNATIONAL STANDARD BOOK NUMBER
International Standard Book Number 97806848196930
040 ## - CATALOGING SOURCE
Original cataloging agency DLC
Transcribing agency DLC
Modifying agency OCoLC
-- DLC
Description conventions rda
082 00 - DEWEY DECIMAL CLASSIFICATION NUMBER
Classification number F Wharton
092 ## - LOCALLY ASSIGNED DEWEY CALL NUMBER (OCLC)
Classification number F Wharton
100 1# - MAIN ENTRY--PERSONAL NAME
Personal name Wharton, Edith,
Dates associated with a name 1862-1937.
245 14 - TITLE STATEMENT
Title The glimpses of the moon /
Statement of responsibility, etc Edith Wharton.
250 ## - EDITION STATEMENT
Edition statement 1st Scribner Paperback Fiction ed.
260 ## - PUBLICATION, DISTRIBUTION, ETC. (IMPRINT)
Place of publication, distribution, etc New York :
Name of publisher, distributor, etc Scribner Paperback Fiction,
Date of publication, distribution, etc 1996.
264 ## - Production, Publication, Distribution, Manufacture, and Copyright Notice.
Place of production, publication, distribution, manufacture New York :
Name of producer, publisher, distributor, manufacturer Scribner Paperback Fiction,
Date of production, publication, distribution, manufacture, or copyr 1996.
300 ## - PHYSICAL DESCRIPTION
Extent 297 p. ;
Dimensions 21 cm.
336 ## - Content Type
Content type term text
337 ## - Media type
Media type term unmediated
338 ## - Carrier type
Carrier type term volume
650 #0 - SUBJECT ADDED ENTRY--TOPICAL TERM
Topical term or geographic name as entry element Americans
Geographic subdivision Europe
General subdivision Fiction.
9 (RLIN) 6444023
650 #0 - SUBJECT ADDED ENTRY--TOPICAL TERM
Topical term or geographic name as entry element Married people
General subdivision Fiction.
9 (RLIN) 6412837
650 #0 - SUBJECT ADDED ENTRY--TOPICAL TERM
Topical term or geographic name as entry element Socialites
General subdivision Fiction.
9 (RLIN) 6444024
651 #0 - SUBJECT ADDED ENTRY--GEOGRAPHIC NAME
Geographic name Europe
General subdivision Fiction.
9 (RLIN) 6444025
942 ## - ADDED ENTRY ELEMENTS (KOHA)
Source of classification or shelving scheme Dewey Decimal Classification
Koha item type BOOK
Holdings
Withdrawn status Lost status Source of classification or shelving scheme Damaged status Not for loan Collection code Home library Current library Shelving location Date acquired Source of acquisition Total Checkouts Total Renewals Full call number Barcode Date last seen Date checked out Cost, replacement price Price effective from Koha item type
    Dewey Decimal Classification     Fiction Wasatch County Library Wasatch County Library First Floor 03/25/2022 Donation 5 5 F Wharton 34301001824988 12/31/2025 12/17/2025 10.00 03/25/2022 BOOK
This project was made possible through a grant from the Institute of Museum and Library Service administered by the Utah State Library Division.

Wasatch County Library

  • 465 East 1200 South, Heber City, Utah 84032
  • Phone 435-654-1511 | Fax 435-654-6456

Hours

  • Monday - Friday 9:30 AM - 8:00 PM
  • Saturday 9:30 AM - 1:30 PM
  • Closed Sundays and Holidays